000 01067nam a22002897a 4500
001 4837
003 FISKH
005 20241017123755.0
008 241017b cb ||||| |||| 00| 0 eng d
020 _a9780545288408
040 _aFISKH
_beng
_cFISKH
_dFISKH
050 _aPZ7.W69057
082 _a547
100 _aWilson, Diane Lee
245 _aFirehorse /
_cby Diane Lee Wilson
250 _aFirst Scholastic printing , September 2010
260 _aScholastic :
_bNew York ;
_c2006 .
300 _a325 pages :
_billustrations ;
_c20 cm .
505 _aU
520 _aSpirited fifteen-year-old horse lover Rachel Selby determines to become a veterinarian, despite the opposition of her rigid father, her proper mother, and the norms of Boston in 1872, while that city faces a serial arsonist and an epidemic spreading through its firehorse population.
521 8 _a840
_bLexile
521 8 _aU
_bRaz-Plus
650 _acoming of age
_vfition
700 _aMcCartney, Michael
_eBook Designer
942 _2ddc
_cBK
_n0
999 _c4837
_d4837